000 01151cam a22003377a 4500
003 CHAP
005 20220817041528.0
008 971013s1979 r 00010 d
010 _a17155
011 _a18127
035 _a22211
040 _cCHAP
090 _aTesis
100 0 0 _aJiménez Lozano, María Elena.
_961578
245 1 4 _aLos conocimientos de la mujer campesina asociados a la economía familiar
260 _aChapingo, Méx., :
_bEl autor,
_c1979
300 _a200 h
502 _aTesis (M.C. Esp. en Divulgación Agrícola) -- SARH. Colegio de Postgraduados. Rama de Divulgación Agrícola
590 _aALEPH
_b10
_c20130110
_lUCH01
_h1240
590 _aBATCH-UPD
_b10
_c20130110
_lUCH01
_h1826
590 _aBATCH-UPD
_b10
_c20130410
_lUCH01
_h1159
590 _aBATCH-UPD
_b10
_c20130914
_lUCH01
_h1233
590 _aCONVERSION
_b10
_c20130109
_lUCH01
_h1311
650 1 4 _aEconomía doméstica.
650 1 4 _aMujer en comunidades rurales.
_979360
901 _aBK
942 _cFOLL
949 _bBC
_cTES
_d-52002
_eTS1
_i22211
_si
949 _bBC
_cTES
_d-52003
_eTS2
_fc.2
_i22211
_si
949 _bBC
_cTES
_d-52004
_eTS2
_fc.3
_i22211
_si
999 _c17155
_d17155